000 00564 a2200205 4500
001 63198
005 20260407155927.0
008 260407a1971 arg spa d
003 AR-UNSa-BCEJYS
040 _aAR-UNSa-BCEJYS
_bspa
_cAR-UNSa-BCEJYS
080 _a511
_xTeoría de números
245 1 0 _aEl número
_pLenguaje de la ciencia
264 1 _aBuenos Aires :
_bHobbs-Sudamericana
_c1971
300 _a372 p.
_c19 cm.
041 _aspa
942 _cBK
590 _aniveau_biblio:m niveau_hierar:0
100 1 _aDantzig, Tobias
700 1 _aBalanzat, Manuel
999 _c8039
_d8039